Thermal design : (Record no. 33412)

000 -LEADER
fixed length control field 03182cam a2200349 a 4500
001 - CONTROL NUMBER
control field 16208181
003 - CONTROL NUMBER IDENTIFIER
control field OSt
005 - DATE AND TIME OF LATEST TRANSACTION
control field 20211029182815.0
008 - FIXED-LENGTH DATA ELEMENTS--GENERAL INFORMATION
fixed length control field 100428s2010 njua b 001 0 eng
010 ## - LIBRARY OF CONGRESS CONTROL NUMBER
LC control number 2010018381
020 ## - INTERNATIONAL STANDARD BOOK NUMBER
International Standard Book Number 9780470496626 (hbk. : alk. paper)
038 ## - RECORD CONTENT LICENSOR
Staff Name khadija
040 ## - CATALOGING SOURCE
Original cataloging agency DLC
Transcribing agency DLC
Modifying agency DLC
042 ## - AUTHENTICATION CODE
Authentication code pcc
050 00 - LIBRARY OF CONGRESS CALL NUMBER
Classification number TJ255.5
Item number .L44 2010
082 00 - DEWEY DECIMAL CLASSIFICATION NUMBER
Classification number 621.4025
Edition number 22
Author Mark LEE
100 1# - MAIN ENTRY--PERSONAL NAME
Personal name Lee, HoSung.
9 (RLIN) 83557
245 10 - TITLE STATEMENT
Title Thermal design :
Remainder of title heat sinks, thermoelectrics, heat pipes, compact heat exchangers, ands solar cells /
Statement of responsibility, etc. HoSung Lee.
260 ## - PUBLICATION, DISTRIBUTION, ETC.
Place of publication, distribution, etc. Hoboken, NJ :
Name of publisher, distributor, etc. Wiley,
Date of publication, distribution, etc. c2010.
300 ## - PHYSICAL DESCRIPTION
Extent xviii, 630 p. :
Other physical details ill. ;
Dimensions 25 cm.
504 ## - BIBLIOGRAPHY, ETC. NOTE
Bibliography, etc. note Includes bibliographical references and index.
520 ## - SUMMARY, ETC.
Summary, etc. "The proposed is written as a senior undergraduate or the first-year graduate textbook,covering modern thermal devices such as heat sinks, thermoelectric generators and coolers, heat pipes, and heat exchangers as design components in larger systems. These devices are becoming increasingly important and fundamental in thermal design across such diverse areas as microelectronic cooling, green or thermal energy conversion, and thermal control and management in space, etc. However, there is no textbook available covering this range of topics. The proposed book may be used as a capstone design course after the fundamental courses such as thermodynamics, fluid mechanics, and heat transfer. The underlying concepts in this book cover the, 1) understanding of the physical mechanisms of the thermal devices with the essential formulas and detailed derivations, and 2) designing the thermal devices in conjunction with mathematical modeling, graphical optimization, and occasionally computational-fluid-dynamic (CFD) simulation. Important design examples are developed using the commercial software, MathCAD, which allows the students to easily reach the graphical solutions even with highly detailed processes. In other words, the design concept is embodied through the example problems. The graphical presentation generally provides designers or students with the rich and flexible solutions toward achieving the optimal design. A solutions manual will be provided"--
520 ## - SUMMARY, ETC.
Summary, etc. "The proposed is written as a senior undergraduate or the first-year graduate textbook,covering modern thermal devices such as heat sinks, thermoelectric generators and coolers, heat pipes, and heat exchangers as design components in larger systems. These devices are becoming increasingly important and fundamental in thermal design across such diverse areas as microelectronic cooling, green or thermal energy conversion, and thermal control and management in space, etc. However, there is no textbook available covering this range of topics"--
563 ## - BINDING INFORMATION
Binding note Hardcover
650 #0 - SUBJECT ADDED ENTRY--TOPICAL TERM
Topical term or geographic name entry element Heat engineering
General subdivision Materials.
9 (RLIN) 83558
650 #0 - SUBJECT ADDED ENTRY--TOPICAL TERM
Topical term or geographic name entry element Heat-transfer media.
9 (RLIN) 83559
650 #0 - SUBJECT ADDED ENTRY--TOPICAL TERM
Topical term or geographic name entry element Thermodynamics.
9 (RLIN) 7134
650 #0 - SUBJECT ADDED ENTRY--TOPICAL TERM
Topical term or geographic name entry element Thermoelectric apparatus and appliances.
9 (RLIN) 83560
906 ## - LOCAL DATA ELEMENT F, LDF (RLIN)
a 7
b cbc
c orignew
d 1
e ecip
f 20
g y-gencatlg
942 ## - ADDED ENTRY ELEMENTS (KOHA)
Source of classification or shelving scheme
Koha item type Book
Holdings
Withdrawn status Lost status Source of classification or shelving scheme Damaged status Not for loan Permanent Location Current Location Shelving location Date acquired Full call number Barcode Date last seen Price effective from Koha item type
          School of Mechanical & Manufacturing Engineering (SMME) School of Mechanical & Manufacturing Engineering (SMME) General Stacks 03/29/2016 621.4025 LEE SMME-2503 04/05/2018 03/29/2016 Book
© 2023 Central Library, National University of Sciences and Technology. All Rights Reserved.